Ranskan kaupunkeja kartalla - Statistics

Yleistilastot
  • Tätä visaa on pelattu 1 038 kertaa
  • Keskiarvotulos 9 / 16
Vastaukset kartalla
Vastauksille on annettu kartalla punavihreä väri sen mukaan, kuinka moni on saanut sen oikein.
 
Vastaustilastot
Vastaus % Oikein
Pariisi
93%
Nizza
85%
Marseille
69%
Strasbourg
69%
Lyon
62%
Bordeaux
57%
Calais
57%
Ajaccio
55%
Toulouse
55%
Le Havre
51%
Brest
47%
Nantes
43%
Dijon
41%
Rennes
36%
Limoges
33%
Tours
30%
Ehtoja vastaavia visoja ei löytynyt
Tulosjakauma
Jokaisen tuloksen saaneiden osuus
Persentiili vastausten määrän mukaan
Tuloshistoriasi
Et ole pelannut tätä visaa